00361nam a22000977a 4500008004100000082001800041245013200059260003700191300001100228710002400239230612b xxu||||| |||| 00| 0 eng d a352.4908bKEN a2010/2011 Estimates of Recurrent Expenditure of the Government of Kenya for the Year Ending 30th June 2011cGovernment of Kenya aKenyabGovernment of Kenyac2010 a1596 p bGovernment of Kenya